| 000 | 01531nam a22002177a 4500 | ||
|---|---|---|---|
| 003 | BJBSDDR | ||
| 005 | 20260410095151.0 | ||
| 007 | ta | ||
| 008 | 260410s2018 fr ||||| |||| 00| 0 fre d | ||
| 020 | _a9782367405735 | ||
| 040 |
_bspa _cBJBSDDR |
||
| 041 | _aspa | ||
| 050 | _bH268 2018 | ||
| 100 | 1 |
_aHardy, Christophe _947873 |
|
| 245 | 1 | 0 |
_aLittérature : _bà la rencontre des romans français / _cChristophe Hardy |
| 260 |
_aParis : _bScrineo, _c2018 |
||
| 300 |
_a472 pages ; _c23 cm |
||
| 520 | _aLes Bagages culture de l'éléphant » : une collection qui développe les thématiques de la revue l'éléphant, autour de l'approfondissement des connaissances et de la mémorisation, avec des contenus inédits ! Ce livre très écrit, véritable plaisir de lecture, offre un panorama de la littérature française au travers d'une vingtaine de romans emblématiques, avec rappels et renvois entre les différentes œuvres. Un panorama large et clair de la littérature française depuis le Moyen Âge jusqu'à nos jours, qui fixe des points de repère et nourrit une culture personnelle Une mise en bouche qui donne envie d'aller vers l'œuvre grâce à un large extrait du roman et des clés d'analyse pour pénétrer l'histoire Des développements synthétiques pour situer le roman dans ses multiples contextes (Histoire, histoire littéraire...) et des informations sur les éditions de référence et les critiques, les adaptations cinématographiques, les sites web. | ||
| 942 |
_2lcc _n0 _cBK |
||
| 946 | _icmc | ||
| 999 |
_c126761 _d126761 |
||